Juventus 2020s Champions League Scorers - Statistics

General Stats
  • This quiz has been taken 76 times
  • The average score is 16 of 23
Answer Stats
Goals Nationality Player % Correct
8 Portuguese Cristiano Ronaldo
98%
8 Spanish Alvaro Morata
97%
6 Serbian Dusan Vlahovic
91%
6 American Weston McKennie
91%
7 Argentine Paulo Dybala
89%
1 Colombian Juan Cuadrado
86%
1 Welsh Aaron Ramsey
79%
2 Polish Arkadiusz Milik
79%
6 Italian Federico Chiesa
79%
2 Argentine Gonzalo Higuain
79%
1 Turkish Kenan Yildiz
79%
1 Italian Leonardo Bonucci
76%
1 Swedish Dejan Kulusevski
73%
1 Brazilian Alex Sandro
67%
3 French Adrien Rabiot
62%
1 American Timothy Weah
61%
1 French Blaise Matuidi
50%
1 Portuguese Francisco Conceicao
50%
1 Italian Federico Bernardeschi
45%
1 Brazilian Douglas Costa
44%
2 Italian Moise Kean
39%
1 Belgian Samuel Mbangula
32%
1 Argentine Nico Gonzalez
29%
No matching quizzes found
Score Distribution
Percent of People with Each Score
Percentile by Number Answered
Your Score History
You have not taken this quiz